00521nam a2200169 a 4500008004100000020002300041100002500064245006100089260005200150300003600202500002000238504004100258650002500299003000100324005001700325040000900342  a0521570956 (hbk.)1 aGershenfeld, Neil A.14aThe nature of mathematical modeling /cNeil Gershenfeld. aCambridge :bCambridge University Press,c1999. axii, 344 p. :bill. ;c26 cm. aIncludes index. aIncludes bibliographical references. 0aMathematical models.20230123133627.0 cNUST